[Event "AUTO-INT-677"]
[Site "http://www.queenalice.com/game.php?id=300304"]
[Date "2007.11.8"]
[Round "1"]
[White "Andre"]
[Black "ignacius"]
[Result "0-1"]
[WhiteElo "1502"]
[BlackElo "1659"]

1. e4 d6 2. Bc4 c6 3. Qf3 e6 4. Nh3 Qf6 5. Qxf6 Nxf6 6. d3 d5 7. exd5 cxd5 8.
Bb3 Bc5 9. Bg5 Nbd7 10. Bxf6 Nxf6 11. O-O O-O 12. c3 e5 13. Nd2 Bxh3 14. gxh3 b5
15. Nf3 e4 16. dxe4 dxe4 0-1

[Event "AUTO-INT-677"]
[Site "http://www.queenalice.com/game.php?id=300305"]
[Date "2007.11.8"]
[Round "1"]
[White "ignacius"]
[Black "Andre"]
[Result "1-0"]
[WhiteElo "1646"]
[BlackElo "1502"]

1. d4 d5 2. c4 c6 3. g3 e6 4. cxd5 Qxd5 5. Nf3 Bb4+ 6. Nc3 Bxc3+ 7. bxc3 f6 8.
Bg2 Qd6 9. a4 a5 10. Ba3 Qd5 11. O-O g5 12. Re1 Qe4 13. Nxg5 Qg4 14. Ne4 Kf7 15.
Nd6+ Kf8 16. Nxc8+ 1-0

[Event "AUTO-INT-677"]
[Site "http://www.queenalice.com/game.php?id=300306"]
[Date "2007.11.8"]
[Round "1"]
[White "Andre"]
[Black "mast"]
[Result "0-1"]
[WhiteElo "1496"]
[BlackElo "1607"]

1. e4 e5 2. Nf3 Qf6 3. Nc3 Bb4 4. a3 Bxc3 5. bxc3 Ne7 6. d3 h6 7. g3 d6 8. c4
O-O 9. d4 Bg4 10. Bg2 Bxf3 11. Bxf3 c6 12. Bb2 exd4 13. Bxd4 Qe6 14. Be2 Qxe4
15. f3 Nf5 16. c3 c5 17. Bf2 Qc6 18. g4 Ne7 19. a4 Nd7 20. Bg3 Nb6 21. Bxd6 Rad8
22. Qc2 Rxd6 23. Rd1 Rxd1+ 24. Bxd1 Qe6+ 25. Qe4 Qxe4+ 0-1

[Event "AUTO-INT-677"]
[Site "http://www.queenalice.com/game.php?id=300307"]
[Date "2007.11.8"]
[Round "1"]
[White "mast"]
[Black "Andre"]
[Result "1-0"]
[WhiteElo "1619"]
[BlackElo "1484"]

1. e4 e5 2. Nf3 Nc6 3. Bb5 a6 4. Bxc6 bxc6 5. Nxe5 Qe7 6. d4 f6 7. Qh5+ g6 8.
Nxg6 Qxe4+ 9. Be3 Qxg2 10. Nxh8+ Kd8 11. Qxh7 Qxh1+ 12. Ke2 Qg2 13. Nf7+ Ke8 14.
Nh6 Bxh6 15. Bxh6 Qg4+ 16. Kf1 d5 17. Nd2 Nxh6 18. Re1+ Be6 19. Qh8+ Ng8 20.
Rxe6+ Qxe6 21. b4 a5 22. Qh5+ Kd7 23. Qh7+ Ne7 24. Nb3 Qd6 25. Nc5+ Kc8 26. Qh8+
1-0

[Event "AUTO-INT-1265"]
[Site "http://www.queenalice.com/game.php?id=568411"]
[Date "2009.4.7"]
[Round "1"]
[White "prmntgen"]
[Black "Andre"]
[Result "1-0"]
[WhiteElo "1726"]
[BlackElo "1478"]

1. d4 d5 2. c4 Bf5 3. e3 dxc4 4. Bxc4 a6 5. Nc3 b5 6. Be2 e6 7. a3 Nf6 8. Nf3
Ne4 9. Nxe4 Bxe4 10. Bd3 Bxf3 11. Qxf3 Qd5 12. Be4 Qd6 13. Bxa8 Kd8 14. Be4 f5
15. Bd3 g5 16. Bd2 g4 17. Qe2 Qd5 18. O-O Nd7 19. e4 fxe4 20. Qxe4 Qxe4 21. Bxe4
Bg7 22. Bc3 h5 23. Rfd1 c6 24. Bxc6 Kc7 25. Bxd7 Kxd7 26. d5 Bxc3 27. dxe6+ Kxe6
28. bxc3 Rf8 29. a4 bxa4 30. Rxa4 Rc8 31. Rxa6+ Ke5 32. Rc1 Rc5 33. Rh6 Ke4 34.
Re6+ Kd3 35. g3 Kd2 36. Ree1 Rc4 37. Kf1 Kd3 38. Kg2 Kd2 39. h3 Kd3 40. hxg4
hxg4 41. f3 gxf3+ 42. Kxf3 Rxc3 43. Re3+ Kd4 44. Rcxc3 Kd5 45. g4 Kd6 46. g5 Kd7
47. g6 Kd6 48. g7 Kd5 49. g8=Q+ Kd4 50. Qd8# 1-0

[Event "AUTO-INT-1265"]
[Site "http://www.queenalice.com/game.php?id=568412"]
[Date "2009.4.7"]
[Round "1"]
[White "Andre"]
[Black "prmntgen"]
[Result "0-1"]
[WhiteElo "1489"]
[BlackElo "1619"]

1. e4 e5 2. Bc4 d6 3. h3 Nf6 4. Nc3 Nc6 5. d3 Be7 6. Bg5 h6 7. Bxf6 Bxf6 8. Nf3
O-O 9. Nd5 Be6 10. Nxf6+ Qxf6 11. g4 Rae8 12. a3 Bxc4 13. dxc4 Qf4 14. b4 Ne7
15. Nh4 Qxe4+ 16. Kd2 Qxc4 17. Qf3 Nc6 18. Nf5 Nd4 19. Nxd4 exd4 20. Rhe1 b6 21.
Rxe8 Rxe8 22. Re1 Rxe1 23. Kxe1 Qxc2 24. Qa8+ Kh7 25. Qe4+ Qxe4+ 26. Kd2 d3 27.
b5 Qe2+ 28. Kc3 d2 29. h4 d1=Q 30. Kb4 Qb1+ 31. Ka4 Qexb5# 0-1

[Event "AUTO-INT-1265"]
[Site "http://www.queenalice.com/game.php?id=568423"]
[Date "2009.4.7"]
[Round "1"]
[White "rocha"]
[Black "Andre"]
[Result "1-0"]
[WhiteElo "1570"]
[BlackElo "1466"]

1. e4 e5 2. d4 f6 3. Nf3 g5 4. dxe5 fxe5 5. Nxe5 Qf6 6. Ng4 Qb6 7. b3 Qb4+ 8.
Nd2 a6 9. Bb2 Nc6 10. a3 Qd6 11. Bxh8 h5 12. Be5 Nxe5 13. Nxe5 Qxe5 14. Qxh5+
Ke7 15. Rb1 Nf6 16. Qf3 g4 17. Qg3 Qxg3 18. hxg3 Bg7 19. f3 gxf3 20. gxf3 d6 21.
Kf2 Be6 22. c4 c5 23. Re1 Nd7 24. Bh3 Bxh3 25. Rxh3 Ne5 26. Re3 Rh8 27. Rxh8
Bxh8 28. f4 Ng4+ 29. Ke2 Nxe3 30. Kxe3 Bd4+ 31. Kd3 b6 32. Nf3 Bb2 33. a4 a5 34.
f5 Kf6 35. g4 Bc1 36. Nh4 Kg5 37. Ng6 Kxg4 38. f6 Kg5 39. f7 Kxg6 40. f8=Q Bh6
41. Qxd6+ Kg7 42. Qxb6 Bg5 43. Qxc5 Bd8 44. Qd4+ Bf6 45. Qd7+ Kg6 46. Qf5+ Kf7
47. Qxa5 Be7 48. Kd4 Bf6+ 49. e5 Bg5 50. Ke4 Kg6 51. e6 Bf6 52. c5 Be7 53. Kd5
Kf5 54. c6 1-0

[Event "AUTO-INT-1265"]
[Site "http://www.queenalice.com/game.php?id=568431"]
[Date "2009.4.7"]
[Round "1"]
[White "Andre"]
[Black "kanibal"]
[Result "1-0"]
[WhiteElo "1472"]
[BlackElo "1453"]

1. e4 e5 2. Bc4 Nf6 3. Nf3 d6 4. Ng5 h6 5. Nxf7 Qe7 6. Nxh8 Be6 7. Ng6 Qf7 8.
Nxf8 Kxf8 9. Bxe6 Qxe6 10. h3 Nxe4 11. Qf3+ Ke7 12. Qxe4 c6 13. c3 d5 14. Qe3
Nd7 15. b4 Nf6 16. g4 g5 17. Ba3 b6 18. b5+ c5 19. d3 Kf7 20. Nd2 d4 21. cxd4
cxd4 22. Qf3 Rc8 23. Qb7+ Qd7 24. Qxd7+ Nxd7 25. Ne4 Ke6 26. Rc1 Ra8 27. Rc6+
Kd5 28. Rd6# 1-0

[Event "AUTO-INT-1265"]
[Site "http://www.queenalice.com/game.php?id=568432"]
[Date "2009.4.7"]
[Round "1"]
[White "kanibal"]
[Black "Andre"]
[Result "1-0"]
[WhiteElo "1452"]
[BlackElo "1487"]

1. e4 e5 2. Nf3 Nc6 3. Bb5 Nf6 4. Bxc6 dxc6 5. d3 h6 6. O-O Bg4 7. h3 Bxf3 8.
Qxf3 Bc5 9. Nc3 g5 10. g4 Bb4 11. Na4 b5 12. Nc3 Bxc3 13. bxc3 c5 14. Kg2 a5 15.
Bb2 a4 16. a3 h5 17. gxh5 Nxh5 18. Qf5 Nf4+ 19. Kg3 Rxh3+ 20. Kg4 Rh4+ 21. Kf3
g4+ 22. Kg3 Ne2+ 23. Kg2 Nf4+ 24. Kg1 Nh3+ 25. Kg2 Nf4+ 26. Kg3 Ra6 27. Qxe5+
Ne6 28. Rh1 f6 29. Qd5 1-0

[Event "AUTO-INT-1314"]
[Site "http://www.queenalice.com/game.php?id=590876"]
[Date "2009.5.19"]
[Round "1"]
[White "dlabedz"]
[Black "Andre"]
[Result "1-0"]
[WhiteElo "1272"]
[BlackElo "1437"]

1. d4 d5 2. h3 Nc6 3. e3 a6 4. Bd2 Nf6 5. a3 Ne4 6. Nf3 f6 7. Nh4 e6 8. Bc1 g5
9. Nf3 Bd6 10. Nc3 b5 11. Nxe4 dxe4 12. Nd2 b4 13. a4 a5 14. b3 Ba6 15. c4 bxc3
16. Nxe4 Bxf1 17. Rxf1 Bb4 18. Ke2 f5 19. Ng3 Qd5 20. f3 f4 21. Ne4 h6 22. Nf6+
Kf7 23. Nxd5 exd5 24. Qd3 fxe3 25. f4 gxf4 26. Rxf4+ Ke7 27. Qxe3+ Kd6 28. Rf6+
Kd7 29. Qe6+ 1-0

[Event "AUTO-INT-1314"]
[Site "http://www.queenalice.com/game.php?id=590877"]
[Date "2009.5.19"]
[Round "1"]
[White "Andre"]
[Black "dlabedz"]
[Result "0-1"]
[WhiteElo "1414"]
[BlackElo "1353"]

1. e4 d5 2. Nc3 c6 3. f3 e6 4. a3 b5 5. b4 g6 6. g3 h5 7. exd5 cxd5 8. d4 a6 9.
Bf4 Nd7 10. Be5 f6 11. Bf4 Nb6 12. h4 Qe7 13. Nh3 e5 14. dxe5 Bb7 15. Bd3 fxe5
16. Bg5 Nf6 17. Bxg6+ Kd7 18. Bf5+ Kc6 19. Bxf6 Qxf6 20. Qd3 d4 21. Ne2 Re8 22.
Qe4+ Kc7 23. Qd3 Rg8 24. Rg1 Rd8 25. Ng5 Bd5 26. Be4 Bc4 27. Qd2 Na4 28. Nc1 Nc3
29. Nh7 Qf7 30. f4 Nxe4 0-1

[Event "AUTO-INT-1314"]
[Site "http://www.queenalice.com/game.php?id=590888"]
[Date "2009.5.19"]
[Round "1"]
[White "juliocesarbraga"]
[Black "Andre"]
[Result "1-0"]
[WhiteElo "1609"]
[BlackElo "1454"]

1. e4 e5 2. Nf3 Nc6 3. Bc4 a6 4. Nc3 Bb4 5. a3 Bxc3 6. dxc3 h6 7. O-O g5 8. a4
d6 9. h3 Nf6 10. Bd5 Na5 11. Bd2 g4 12. hxg4 c6 13. Ba2 Bxg4 14. b4 Nc4 15. Bxc4
Nxe4 16. Re1 Bxf3 17. gxf3 Ng5 18. Bxg5 1-0

[Event "AUTO-INT-1314"]
[Site "http://www.queenalice.com/game.php?id=590889"]
[Date "2009.5.19"]
[Round "1"]
[White "Andre"]
[Black "juliocesarbraga"]
[Result "0-1"]
[WhiteElo "1444"]
[BlackElo "1658"]

1. e4 e5 2. Qf3 d6 3. d3 Nf6 4. Bg5 Be7 5. Bxf6 Bxf6 6. Nc3 O-O 7. Nd5 Nd7 8. b4
c6 9. Ne3 a5 10. bxa5 Qxa5+ 11. c3 Qxc3+ 12. Ke2 Qxa1 13. Nh3 Qxa2+ 14. Ke1 Qb1+
15. Nd1 Nc5 16. g4 b6 17. Be2 Ba6 18. g5 Be7 19. d4 Bxe2 0-1

[Event "AUTO-INT-1314"]
[Site "http://www.queenalice.com/game.php?id=590894"]
[Date "2009.5.19"]
[Round "1"]
[White "Zaubernuss"]
[Black "Andre"]
[Result "1-0"]
[WhiteElo "2158"]
[BlackElo "1468"]

1. g3 e5 2. c4 Nc6 3. Bg2 Nd4 4. e3 Ne6 5. Nc3 Bb4 6. Nge2 Bxc3 7. Nxc3 c6 8.
O-O a6 9. d4 d6 10. d5 cxd5 11. Nxd5 Qd7 12. Nb6 Qc7 13. Nxa8 Qb8 14. Nb6 Nc5
15. Nxc8 Qxc8 16. Qxd6 f6 17. b3 Ne7 18. Ba3 1-0

[Event "AUTO-INT-1314"]
[Site "http://www.queenalice.com/game.php?id=590895"]
[Date "2009.5.19"]
[Round "1"]
[White "Andre"]
[Black "Zaubernuss"]
[Result "0-1"]
[WhiteElo "1470"]
[BlackElo "2157"]

1. e4 g6 2. Nf3 Bg7 3. Bc4 c6 4. Ng5 d5 5. exd5 cxd5 6. Bb3 Nc6 7. c3 Nf6 8. d4
O-O 9. Qf3 Bf5 10. Nd2 Qd7 11. Ba4 h6 12. Bxc6 bxc6 13. Nh3 Qe6+ 14. Qe3 Bxh3
15. gxh3 Qf5 16. f4 Rfd8 17. b4 Rd6 18. Kf2 Re6 0-1

[Event "AUTO-INT-2148"]
[Site "http://www.queenalice.com/game.php?id=987278"]
[Date "2011.9.19"]
[Round "1"]
[White "Andre"]
[Black "mike52"]
[Result "1-0"]
[WhiteElo "1383"]
[BlackElo "1555"]

1. e4 e5 2. Nf3 a6 3. Nxe5 d6 4. Nc4 b5 5. Na5 f6 6. d3 Be7 7. Nc3 Nh6 8. Bxh6
gxh6 9. Qh5+ Kd7 10. Nd5 Nc6 11. b4 Bf8 12. Qf7+ Ne7 13. Nxf6# 1-0